| 000 | 00936nam a2200253Ia 4500 | ||
|---|---|---|---|
| 003 | OSt | ||
| 005 | 20221029005307.0 | ||
| 006 | a|||||r|||| 00| 0 | ||
| 007 | ta | ||
| 008 | 220915b |||||||| |||| 00| 0 hin d | ||
| 024 | _a269515 | ||
| 037 | _cTextbook | ||
| 040 |
_bhin _aARTS _cARTS |
||
| 041 | _ahin | ||
| 082 | _aO15,1E18:g, 152K3 | ||
| 100 |
_aशास्त्री, जितेन्द्र चन्द्र भारतीय _9722654 |
||
| 245 | 0 | _aनवसाहसाक चरितम् | |
| 246 | _aNavasāhasāk charitam | ||
| 260 |
_aवाराणसी _bचौखम्बा विधाभवन भारत _c1963 |
||
| 300 |
_a308पृ0 _ccm. |
||
| 650 | _aहिन्दी साहित्य | ||
| 942 |
_hO15,1E18:g, 152K3 _cTB _2CC |
||
| 999 |
_c101005 _d101005 |
||